[Event "23rd European Teams Women"]
[Site "Terme Catez SLO"]
[Date "2021.11.19"]
[Round "7.12"]
[Board "4"]
[White "Tamrazyan, Gohar"]
[Black "Onur, Cigdem"]
[Result "0-1"]
[BlackTitle "WCM"]
[WhiteElo "1981"]
[BlackElo "2015"]
[WhiteTeam "Switzerland"]
[BlackTeam "Turkey"]
[WhiteFideId "1330799"]
[BlackFideId "6346030"]
[EventDate "2021.11.12"]

1. e4 c5 2. Nc3 e6 3. Nf3 a6 4. d4 cxd4 5. Nxd4 Qc7 6. Bd3 Nc6 7. Nxc6 dxc6 8.
O-O Nf6 9. f4 Bc5+ 10. Kh1 e5 11. f5 h5 12. Qf3 Ng4 13. Nd1 Qb6 14. Bc4 Bd7 15.
Qb3 Qxb3 16. Bxb3 f6 17. Rf3 Ke7 18. Be3 Nxe3 19. Nxe3 Be8 20. Rd1 h4 21. Be6 b5
22. Nf1 Bd6 23. Rfd3 Rd8 24. a4 Bc7 25. Rxd8 Bxd8 26. axb5 axb5 27. c4 Bb6 28.
b4 Bd4 29. cxb5 cxb5 30. Rc1 Bd7 31. Rc7 Rd8 32. Rb7 Kd6 33. Bxd7 Rxd7 34. Rxb5
Rc7 35. Rd5+ Ke7 36. Rxd4 exd4 37. Kg1 Rc2 38. h3 Kd6 39. Nh2 d3 40. Kf1 Rc1+ 0-1

[Event "23rd European Teams Women"]
[Site "Terme Catez SLO"]
[Date "2021.11.19"]
[Round "7.14"]
[Board "2"]
[White "Machlik, Monika"]
[Black "Trajkovska, Sanja"]
[Result "1-0"]
[WhiteElo "2096"]
[BlackElo "1960"]
[WhiteTeam "Norway"]
[BlackTeam "North Macedonia"]
[WhiteFideId "1513621"]
[BlackFideId "15001822"]
[EventDate "2021.11.12"]

1. d4 d5 2. c4 dxc4 3. e4 b5 4. a4 c6 5. Nf3 Nf6 6. e5 Nd5 7. Be2 e6 8. O-O Be7
9. b3 cxb3 10. axb5 cxb5 11. Bxb5+ Bd7 12. Qxb3 Bxb5 13. Qxb5+ Qd7 14. Qd3 Nc6
15. Nc3 Ndb4 16. Qe4 Rd8 17. Rd1 Nd5 18. Ne2 O-O 19. Ng5 Bxg5 20. Bxg5 f6 21.
exf6 gxf6 22. Bh6 Rfe8 23. Ra3 Nce7 24. Rg3+ Ng6 25. h4 Kh8 26. h5 f5 27. Qd3
Nf8 28. Rb1 Nf6 29. Bg7+ Qxg7 30. Rxg7 Kxg7 31. Rb7+ N8d7 32. Nf4 Kf7 33. d5 e5
34. Ne6 Nxh5 35. Qxf5+ Nf6 36. Nxd8+ Rxd8 37. Qxe5 Re8 38. Qf5 Rd8 39. Rxa7 1-0

[Event "23rd European Teams Women"]
[Site "Terme Catez SLO"]
[Date "2021.11.20"]
[Round "8.2"]
[Board "2"]
[White "Javakhishvili, Lela"]
[Black "Avramidou, Anastasia"]
[Result "1-0"]
[WhiteTitle "IM"]
[BlackTitle "FM"]
[WhiteElo "2446"]
[BlackElo "2217"]
[WhiteTeam "Georgia"]
[BlackTeam "Greece"]
[WhiteFideId "13601458"]
[BlackFideId "4239873"]
[EventDate "2021.11.12"]

1. Nf3 d5 2. g3 Nd7 3. Bg2 e5 4. O-O Bd6 5. d3 Ne7 6. Nc3 c6 7. e4 O-O 8. a4 a5
9. exd5 Nxd5 10. Ne4 Be7 11. Re1 Re8 12. c3 Bf8 13. Qc2 h6 14. b3 Qc7 15. Bb2 b6
16. Ned2 Bb7 17. Re2 Re7 18. Rae1 Rae8 19. Ba3 c5 20. Bc1 Bc6 21. Nh4 g6 22. Nc4
Bg7 23. Bd2 Nf8 24. Nf3 Nd7 25. Qc1 Kh7 26. h4 N5f6 27. d4 Ng4 28. h5 Nf8 29.
hxg6+ Nxg6 30. d5 Bxd5 31. Ng5+ hxg5 32. Bxd5 Nf6 33. Bg2 g4 34. Bg5 e4 35. Qc2
Kg8 36. Bxe4 Rxe4 37. Rxe4 Nxe4 38. Rxe4 Rxe4 39. Qxe4 Qd7 40. Bd2 b5 41. axb5
Qxb5 42. Qxg4 Qxb3 43. Nxa5 Qb1+ 44. Kg2 Ne5 45. Qe2 c4 46. f4 Qb5 47. fxe5 Qxa5
48. Qxc4 Qxe5 49. Qd3 Qc7 50. c4 Qb7+ 51. Kf2 Qb6+ 52. Be3 Qb2+ 53. Kf3 Qf6+ 54.
Kg2 Qb2+ 55. Bf2 Bf8 56. Qd5 Qa2 57. Qg5+ Bg7 58. Qd8+ Bf8 59. c5 Qc4 60. Qd4
Qe6 61. Qe3 Qc4 62. Qg5+ Bg7 63. Qf5 Bf8 64. Qf4 Qd5+ 65. Qf3 Qc4 66. c6 Bd6 67.
Kh3 Kf8 68. Be3 Ke8 69. Bg5 Be7 70. Bf4 Qe6+ 71. Kh2 Qa2+ 72. Qg2 Qa5 73. Qe2
Qc5 74. c7 Kd7 75. Qd3+ Kc8 76. Qa6+ Kd7 77. Qa4+ Ke6 78. Qb3+ Kd7 79. Qd3+ Kc8
80. Kh3 Qh5+ 81. Kg2 Qc5 82. g4 Qc6+ 83. Kg3 Qc5 84. Qf5+ Qxf5 85. gxf5 Kd7 86.
Kg4 Bf6 87. Kh5 Bg7 88. Kg5 Kc8 89. Bd6 Bd4 90. Kh6 Kd7 91. Kh7 Bc3 92. Kg8 f6
93. Kf7 Bd4 94. Kg6 Bc3 95. Kh5 Bd4 96. Kg6 Bc3 97. Kg7 Bd4 98. Be7 Kxc7 99.
Bxf6 Bc5 100. Be5+ Kd7 101. f6 Ke6 102. Bc3 Bd6 103. f7 Kd7 104. Kg8 Be7 105.
Bg7 Bd6 106. Bf8 Bf4 107. Bb4 Bh6 108. Bd2 1-0

[Event "23rd European Teams Women"]
[Site "Terme Catez SLO"]
[Date "2021.11.20"]
[Round "8.3"]
[Board "1"]
[White "Peng, Zhaoqin"]
[Black "Zawadzka, Jolanta"]
[Result "1/2-1/2"]
[WhiteTitle "GM"]
[BlackTitle "WGM"]
[WhiteElo "2351"]
[BlackElo "2429"]
[WhiteTeam "Netherlands"]
[BlackTeam "Poland"]
[WhiteFideId "1004786"]
[BlackFideId "1122320"]
[EventDate "2021.11.12"]

1. d4 Nf6 2. c4 e6 3. Nc3 Bb4 4. e3 O-O 5. Ne2 Re8 6. a3 Bf8 7. b3 d5 8. Bb2 b6
9. g3 Nc6 10. Bg2 Na5 11. cxd5 exd5 12. O-O Bf5 13. Nf4 c6 14. Na4 Rc8 15. Re1
g6 16. Nd3 h5 17. Ne5 Ng4 18. Nf3 Bh6 19. Nc3 Nb7 20. h3 Nf6 21. Ne5 Nd7 22. e4
dxe4 23. Nxe4 Bg7 24. f4 f6 25. Nc4 Nf8 26. d5 Bxe4 27. Rxe4 Rxe4 28. Bxe4 Nc5
29. Bg2 cxd5 30. Bxd5+ Kh8 31. Ne3 Qd7 32. b4 Re8 33. bxc5 Rxe3 34. Kf2 Re7 35.
cxb6 axb6 36. Bg2 Qb5 37. Rb1 Rd7 38. Qc2 Qa5 39. Rd1 Rxd1 40. Qxd1 h4 41. gxh4
Ne6 42. Qd5 Nxf4 43. Qxa5 bxa5 44. Bf1 f5 45. Bxg7+ Kxg7 46. Ke3 Ne6 47. Kd3 Kf6
48. Kc4 Ke5 49. Kb5 Kd4 50. Kxa5 f4 51. Kb6 Nc5 52. Be2 Na4+ 53. Ka5 Ke3 54. h5
gxh5 55. Bxh5 Nb2 56. h4 Nc4+ 57. Kb4 Nxa3 58. Kxa3 f3 59. Bxf3 Kf4 60. Kb4 Kf5 1/2-1/2

[Event "23rd European Teams Women"]
[Site "Terme Catez SLO"]
[Date "2021.11.20"]
[Round "8.3"]
[Board "4"]
[White "Kulon, Klaudia"]
[Black "Van Foreest, Machteld"]
[Result "0-1"]
[WhiteTitle "IM"]
[WhiteElo "2328"]
[BlackElo "2141"]
[WhiteTeam "Poland"]
[BlackTeam "Netherlands"]
[WhiteFideId "1131044"]
[BlackFideId "1051563"]
[EventDate "2021.11.12"]

1. d4 Nf6 2. Bf4 d5 3. e3 e6 4. Nd2 Be7 5. Bd3 b6 6. c3 O-O 7. Qe2 c5 8. Bg5 Bb7
9. Bxf6 Bxf6 10. f4 Qc8 11. Ngf3 Ba6 12. h4 Re8 13. g4 Bxd3 14. Qxd3 Nd7 15.
O-O-O b5 16. Kb1 b4 17. cxb4 c4 18. Qc2 Qb7 19. e4 a5 20. b5 Qxb5 21. e5 Be7 22.
Ka1 a4 23. f5 a3 24. b3 cxb3 25. Qxb3 Bb4 26. Nb1 Qa5 27. Rc1 Rec8 28. fxe6 fxe6
29. Rc2 Nb6 30. Rhc1 Rxc2 31. Rxc2 Nc4 32. Ng5 Qb6 33. Nxe6 Rb8 34. Nc5 Bxc5 35.
dxc5 Qc7 36. Qc3 Qxc5 37. Nd2 Nxd2 38. Qxd2 Qb5 39. Qc1 Qe8 40. Re2 Qg6 41. g5
Qd3 42. Rd2 Qe3 43. Rc2 Qxe5+ 44. Rc3 Rc8 0-1

[Event "23rd European Teams Women"]
[Site "Terme Catez SLO"]
[Date "2021.11.20"]
[Round "8.9"]
[Board "1"]
[White "Pilsova, Karolina"]
[Black "Brunello, Marina"]
[Result "1/2-1/2"]
[WhiteTitle "WGM"]
[BlackTitle "IM"]
[WhiteElo "2281"]
[BlackElo "2359"]
[WhiteTeam "Czech Republic"]
[BlackTeam "Italy"]
[WhiteFideId "320242"]
[BlackFideId "822590"]
[EventDate "2021.11.12"]

1. e4 c5 2. Nf3 d6 3. Bb5+ Nd7 4. Ba4 Nf6 5. O-O g6 6. Re1 Bg7 7. c4 O-O 8. h3
Nh5 9. Nc3 Ne5 10. d3 Nxf3+ 11. Qxf3 f5 12. exf5 Rxf5 13. Qe2 Be5 14. Bh6 e6 15.
Ne4 Nf4 16. Bxf4 Rxf4 17. Qd2 Rf8 18. Re2 Qc7 19. Nc3 a6 20. Re4 Qf7 21. Rf1 Bd4
22. Ree1 e5 23. Bd1 Be6 24. Ne4 Qd7 25. Ng5 Rf4 26. Bf3 Bf5 27. Bd5+ Kg7 28. g3
h6 29. gxf4 hxg5 30. fxe5 dxe5 31. Qxg5 Rh8 32. Bg2 Rh5 33. Qg3 Bxh3 34. Re4 Qf5
35. Bxh3 Rxh3 36. Qg4 Rxd3 37. Qxf5 gxf5 38. Re2 Kf6 39. Kg2 e4 40. Rh1 Kg6 41.
Rh3 b5 42. b3 Rd1 43. Rh1 Rd3 44. Rh3 Rd1 45. Rh1 Rd3 46. Rh3 1/2-1/2

[Event "23rd European Teams Women"]
[Site "Terme Catez SLO"]
[Date "2021.11.20"]
[Round "8.9"]
[Board "3"]
[White "Miturova, Magdalena"]
[Black "Gueci, Tea"]
[Result "1/2-1/2"]
[WhiteTitle "WIM"]
[BlackTitle "WIM"]
[WhiteElo "2248"]
[BlackElo "2242"]
[WhiteTeam "Czech Republic"]
[BlackTeam "Italy"]
[WhiteFideId "330221"]
[BlackFideId "872342"]
[EventDate "2021.11.12"]

1. e4 c5 2. Nf3 Nc6 3. Bb5 g6 4. Bxc6 dxc6 5. d3 Bg7 6. h3 Nf6 7. Nc3 Nd7 8. Be3
e5 9. Qd2 h6 10. O-O b6 11. Nh2 Nf8 12. f4 exf4 13. Bxf4 Ne6 14. Bg3 Qg5 15. Qe1
Nd4 16. Qf2 O-O 17. Bd6 Bxh3 18. Bf4 Qxg2+ 19. Qxg2 Bxg2 20. Kxg2 Nxc2 21. Rad1
Rad8 22. Rf2 Nd4 23. Nf3 g5 24. Bc1 f5 25. Nxd4 cxd4 26. Ne2 fxe4 27. Rxf8+ Rxf8
28. dxe4 c5 29. Ng3 Re8 30. Kf3 Re6 31. Nf5 Bf8 32. Re1 Re5 33. Bd2 Kh7 34. Rg1
Re6 35. Be1 b5 36. Bg3 Kg6 37. Bb8 b4 38. b3 a5 39. Bc7 Ra6 40. Ke2 a4 41. Kd3
axb3 42. axb3 c4+ 43. bxc4 Bc5 44. Rf1 Ra3+ 45. Kc2 Rc3+ 46. Kb2 d3 47. e5 d2
48. Bd6 Bf2 49. Ne7+ Kh5 50. Nd5 Rxc4 51. Rd1 Rd4 52. Nxb4 g4 53. Bc5 g3 54.
Bxd4 Bxd4+ 55. Kc2 g2 56. e6 Kg6 57. Nd5 g1=Q 58. Rxg1+ Bxg1 59. Kxd2 Bc5 60.
Ke2 1/2-1/2

[Event "23rd European Teams Women"]
[Site "Terme Catez SLO"]
[Date "2021.11.20"]
[Round "8.13"]
[Board "4"]
[White "Manova, Ivana"]
[Black "Vujnovic, Patricija"]
[Result "0-1"]
[BlackTitle "WFM"]
[WhiteElo "1809"]
[BlackElo "2151"]
[WhiteTeam "North Macedonia"]
[BlackTeam "Croatia"]
[WhiteFideId "15003590"]
[BlackFideId "14502313"]
[EventDate "2021.11.12"]

1. e4 c6 2. d4 d5 3. exd5 cxd5 4. Bd3 Nc6 5. c3 Nf6 6. Bf4 Bg4 7. Qb3 e5 8. h3
Na5 9. Qc2 exf4 10. hxg4 Nxg4 11. Nd2 Bd6 12. Nh3 g6 13. O-O-O Kf8 14. Nf3 Kg7
15. Rde1 Qc7 16. Nhg5 Nc6 17. Rh4 Qd7 18. Nxf7 Kxf7 19. Bxg6+ hxg6 20. Ng5+ Kf6
21. Rxh8 Rxh8 22. Re6+ Qxe6 23. Nxe6 Kxe6 24. Qxg6+ Nf6 25. c4 Ne7 26. cxd5+
Nxd5 27. Qg7 Rh7 28. Qg6 Rc7+ 29. Kd2 Rc4 30. Kd3 b5 31. g4 fxg3 32. fxg3 Rc8
33. Qg7 Rg8 34. Qxa7 Rxg3+ 35. Kc2 Nb4+ 36. Kd1 Rg1+ 37. Ke2 Rg2+ 38. Kf3 Rxb2
39. Qb7 Nbd5 40. Qc8+ Kf7 41. Qc6 Be7 42. Kg3 b4 43. Qc4 Kg7 44. Kh4 Rg2 45. Qc1
Nh5+ 46. Kxh5 Rg5+ 47. Qxg5+ Bxg5 48. Kxg5 Nc3 49. Kf4 Nxa2 50. Ke4 Nc3+ 51. Kd3
Nd5 0-1

[Event "23rd European Teams Women"]
[Site "Terme Catez SLO"]
[Date "2021.11.21"]
[Round "9.3"]
[Board "2"]
[White "Gaal, Zsoka"]
[Black "Osmak, Iulija"]
[Result "1/2-1/2"]
[WhiteTitle "WIM"]
[BlackTitle "IM"]
[WhiteElo "2336"]
[BlackElo "2423"]
[WhiteTeam "Hungary"]
[BlackTeam "Ukraine"]
[WhiteFideId "777765"]
[BlackFideId "14101602"]
[EventDate "2021.11.12"]

1. Nf3 d5 2. g3 c6 3. Bg2 Bg4 4. h3 Bxf3 5. Bxf3 Nd7 6. O-O Ngf6 7. d3 e5 8. e4
dxe4 9. dxe4 Bc5 10. Qe2 O-O 11. a4 a5 12. Nd2 Qc7 13. Nc4 Rfd8 14. Rd1 h6 15.
Bd2 Nf8 16. Qe1 b6 17. Bc3 N6d7 18. Bg4 Re8 19. Rd3 Ne6 20. Rad1 Nd4 21. Bxd7
Qxd7 22. Nxe5 Rxe5 23. Bxd4 Bxd4 24. Rxd4 Qxh3 25. Qf1 Qg4 26. Qc4 Re6 27. Re1
Rae8 28. e5 Qf3 29. Rde4 c5 30. Qd5 g5 31. R1e3 Qf5 32. Kg2 h5 33. Rf3 Qg6 34.
Rfe3 Kh7 35. Rf3 R8e7 36. Qd3 Kg7 37. Qe2 Rd7 38. b3 g4 39. Rfe3 Qg5 40. Rf4 Rd5
41. Rfe4 Qd8 42. Qc4 Qa8 43. Kf1 Rd2 44. Ke1 Qd8 45. Rd3 Rxd3 46. cxd3 Qg5 47.
Qd5 Qc1+ 48. Ke2 Qa1 49. Re3 Qb2+ 50. Kf1 Qd4 51. Qxd4 cxd4 52. Re4 Kg6 53. Rxd4
Rxe5 54. Rd6+ Re6 55. Rxe6+ fxe6 56. Ke2 Kf5 57. Kd2 Ke5 58. Ke3 Kd5 59. d4 e5
60. dxe5 Kxe5 61. Kd3 Kd5 62. Ke3 Kc5 63. Kf4 Kb4 64. Kg5 Kxb3 65. Kxh5 Kxa4 66.
Kxg4 b5 67. f4 b4 68. f5 b3 69. f6 b2 70. f7 b1=Q 71. f8=Q Qb4+ 72. Qf4 Kb5 73.
Kh5 Qc5+ 74. Kh6 a4 75. Qf1+ Ka5 76. Qe1+ Ka6 77. g4 Qb6+ 78. Kh7 Qc7+ 79. Kh6
Qd6+ 80. Kh5 a3 81. Qe2+ Kb6 82. g5 Qc5 83. Qe6+ Ka5 84. Qe1+ Kb5 85. Qb1+ Ka4
86. Qe4+ Qb4 87. Qxb4+ Kxb4 88. g6 a2 89. g7 a1=Q 90. g8=Q Qh1+ 91. Kg6 Qg2+ 92.
Kh7 Qxg8+ 93. Kxg8 1/2-1/2

[Event "23rd European Teams Women"]
[Site "Terme Catez SLO"]
[Date "2021.11.21"]
[Round "9.8"]
[Board "2"]
[White "Petrova, Kristyna"]
[Black "Mkrtchian, Lilit"]
[Result "0-1"]
[WhiteTitle "WGM"]
[BlackTitle "IM"]
[WhiteElo "2275"]
[BlackElo "2379"]
[WhiteTeam "Czech Republic"]
[BlackTeam "Armenia"]
[WhiteFideId "309672"]
[BlackFideId "13300601"]
[EventDate "2021.11.12"]

1. d4 Nf6 2. c4 e6 3. Nc3 Bb4 4. e3 O-O 5. Ne2 Re8 6. a3 Bf8 7. d5 a5 8. g3 Na6
9. Bg2 Nc5 10. b3 exd5 11. cxd5 b6 12. O-O Ba6 13. Ra2 Nd3 14. Bd2 Rc8 15. Nd4
Bc5 16. Qb1 Ne5 17. Rd1 Bd3 18. Qa1 h5 19. Nf3 Nxf3+ 20. Bxf3 h4 21. Na4 Be4 22.
Bxe4 Nxe4 23. Nxc5 Nxc5 24. b4 axb4 25. axb4 Ne4 26. Be1 Qg5 27. Qb2 hxg3 28.
hxg3 f5 29. Kg2 Kf7 30. d6 Rh8 31. dxc7 Qh5 32. Rxd7+ Ke6 33. Re7+ Kxe7 34.
Qxg7+ Ke6 35. Kf1 Qf3 0-1